[Event "19th EUR-ch"]
[Site "Batumi GEO"]
[Date "2018.03.19"]
[Round "3.11"]
[White "Jones, Gawain"]
[Black "Deac, Bogdan-Daniel"]
[Result "1-0"]
[WhiteElo "2651"]
[BlackElo "2572"]
[EventDate "2018.03.17"]
[PlyCount "41"]

1.e4 c6 2.d4 d5 3.e5 Bf5 4.h4 h5 5.Bd3 Bxd3 6.Qxd3 e6 7.Bg5 Be7 8.Nf3 Nh6 
9.Bxh6 Rxh6 10.c4 dxc4 11.Qxc4 Qb6 12.O-O Qxb2 13.Nc3 Qc2 14.Rfc1 Qf5 15.
Qb3 b6 16.Nb5 Kd8 17.Nxa7 Rxa7 18.Qxb6+ Rc7 19.Qxb8+ Kd7 20.Rab1 Bd8 21.
Qa8 1-0

[Event "19th EUR-ch"]
[Site "Batumi GEO"]
[Date "2018.03.19"]
[Round "3.12"]
[White "McShane, Luke"]
[Black "Skoberne, Jure"]
[Result "0-1"]
[WhiteElo "2647"]
[BlackElo "2563"]
[EventDate "2018.03.17"]
[PlyCount "138"]

1.e4 e6 2.d4 d5 3.Nd2 c5 4.exd5 Qxd5 5.dxc5 Nf6 6.Ngf3 Qxc5 7.Bd3 Nbd7 8.
O-O Qc7 9.a4 Be7 10.Nb3 O-O 11.a5 Nd5 12.c3 N7f6 13.Re1 Rd8 14.Qe2 Nf4 15.
Bxf4 Qxf4 16.Nbd4 Bc5 17.g3 Qc7 18.Nb5 Qe7 19.Ne5 Rd5 20.Qc2 a6 21.Na3 Bd7
22.b4 Ba7 23.Bf1 Be8 24.Bg2 Rdd8 25.Rad1 Rac8 26.Rxd8 Rxd8 27.Nac4 Nd5 28.
Nd3 Qc7 29.Ndb2 h5 30.Bf3 h4 31.Kg2 Bc6 32.Ne5 Nxb4 33.Qe2 Bxf3+ 34.Qxf3 
Rd2 35.cxb4 Rxb2 36.Nd3 Rd2 37.gxh4 Qc6 38.Qxc6 bxc6 39.Nc5 Bxc5 40.bxc5 
Ra2 41.Rb1 Rxa5 42.Rb6 Rxc5 43.Rxa6 g6 44.Ra8+ Kg7 45.Rc8 Kf6 46.Kg3 Rc4 
47.Rc7 e5 48.Rc8 Kf5 49.Rh8 Rg4+ 50.Kh3 Kf4 51.Rc8 Kf3 52.Rxc6 Rf4 53.Rc2 
e4 54.Rb2 f5 55.Ra2 Rg4 56.Rb2 Rg1 57.Ra2 f4 58.Rb2 e3 59.fxe3 fxe3 60.Rb3
Kf2 61.Rb6 e2 62.Rf6+ Ke3 63.Re6+ Kd3 64.h5 gxh5 65.Rd6+ Kc4 66.Re6 e1=Q 
67.Re4+ Kd3 68.Rd4+ Kc2 69.Rc4+ Qc3+ 0-1

[Event "19th EUR-ch"]
[Site "Batumi GEO"]
[Date "2018.03.19"]
[Round "3.13"]
[White "Yuffa, Daniil"]
[Black "Grandelius, Nils"]
[Result "1/2-1/2"]
[WhiteElo "2521"]
[BlackElo "2646"]
[EventDate "2018.03.17"]
[PlyCount "105"]

1.d4 Nf6 2.c4 e6 3.Nf3 d5 4.g3 dxc4 5.Bg2 c6 6.a4 Bb4+ 7.Bd2 a5 8.O-O O-O 
9.Na3 b5 10.Ne5 Nd5 11.e4 Ne7 12.axb5 Bxa3 13.Rxa3 cxb5 14.Qh5 f6 15.Ng4 
Nbc6 16.e5 fxe5 17.Bg5 Bb7 18.Nxe5 Qc7 19.Nxc6 Bxc6 20.Bxe7 Bxg2 21.Bxf8 
Bxf1 22.Bxg7 Qxg7 23.Kxf1 Rf8 24.Qxb5 Qxd4 25.Qg5+ Kh8 26.Qe3 Qxe3 27.Rxe3
Rb8 28.Re2 Kg7 29.Rc2 Kf6 30.h4 Rb4 31.Ke2 e5 32.Ke3 Kf5 33.f3 h5 34.Kf2 
e4 35.Re2 exf3 36.Kxf3 Rb3+ 37.Kg2 a4 38.Rc2 c3 39.bxc3 a3 40.Rf2+ Ke4 41.
Rf4+ Kd3 42.g4 hxg4 43.Kg3 Kxc3 44.Ra4 Kb2+ 45.Kxg4 a2 46.Rxa2+ Kxa2 47.h5
Rb1 48.h6 Kb3 49.Kf5 Kc4 50.h7 Rh1 51.Kg6 Kd5 52.Kg7 Rxh7+ 53.Kxh7 1/2-1/2

[Event "19th EUR-ch"]
[Site "Batumi GEO"]
[Date "2018.03.19"]
[Round "3.14"]
[White "Lupulescu, Constantin"]
[Black "Kantans, Toms"]
[Result "1/2-1/2"]
[WhiteElo "2627"]
[BlackElo "2508"]
[EventDate "2018.03.17"]
[PlyCount "37"]

1.d4 Nf6 2.Nf3 g6 3.Nbd2 Bg7 4.e4 d6 5.Bd3 O-O 6.O-O c5 7.dxc5 dxc5 8.Re1 
Nc6 9.Bf1 Qc7 10.c3 Rd8 11.Qc2 a6 12.a4 Rb8 13.h3 Na5 14.Nb3 Nxb3 15.Qxb3 
b5 16.axb5 axb5 17.Qc2 Bb7 18.Bg5 Bc6 19.Nd2 1/2-1/2

[Event "19th EUR-ch"]
[Site "Batumi GEO"]
[Date "2018.03.19"]
[Round "3.15"]
[White "Indjic, Aleksandar"]
[Black "Golubov, Saveliy"]
[Result "1-0"]
[WhiteElo "2623"]
[BlackElo "2495"]
[EventDate "2018.03.17"]
[PlyCount "51"]

1.d4 d5 2.c4 c6 3.Nf3 Nf6 4.g3 g6 5.Qa4 Nbd7 6.cxd5 cxd5 7.Bg2 Bg7 8.O-O 
Ne4 9.Bf4 O-O 10.Rc1 Qb6 11.Nc3 Nxc3 12.bxc3 Qd8 13.Qb4 Nb8 14.Rab1 Nc6 
15.Qc5 e6 16.c4 Re8 17.e3 dxc4 18.Ne5 Nxe5 19.Bxe5 Bxe5 20.Qxe5 f6 21.Qc5 
b6 22.Qa3 Bd7 23.Rxc4 Rc8 24.Rxc8 Qxc8 25.Qxa7 Qc2 26.Rxb6 1-0

[Event "19th EUR-ch"]
[Site "Batumi GEO"]
[Date "2018.03.19"]
[Round "3.16"]
[White "Stefanova, Antoaneta"]
[Black "Vocaturo, Daniele"]
[Result "0-1"]
[WhiteElo "2481"]
[BlackElo "2620"]
[EventDate "2018.03.17"]
[PlyCount "94"]

1.d4 Nf6 2.Bf4 g6 3.Nc3 d6 4.Qd2 c6 5.e4 Nbd7 6.Nf3 Bg7 7.Bh6 O-O 8.e5 
dxe5 9.dxe5 Bxh6 10.Qxh6 Ng4 11.Qg5 Qb6 12.O-O-O Nxf2 13.Bc4 Nxd1 14.Rxd1 
Kg7 15.Bxf7 Kxf7 16.e6+ Ke8 17.exd7+ Bxd7 18.Ne4 Be6 19.Qe5 Bd5 20.Nd6+ 
Kd8 21.c4 Qb4 22.Qg7 Rg8 23.Qxh7 exd6 24.cxd5 Re8 25.Nd4 Qc5+ 26.Kb1 Qxd5 
27.Qxb7 Rc8 28.Qxa7 c5 29.Qb6+ Ke7 30.Qa7+ Kf8 31.Qh7 Qf7 32.Qh8+ Ke7 33.
Qh4+ Qf6 34.Qh7+ Kf8 35.Nb5 Rb8 36.a4 Re2 37.Qh6+ Kg8 38.Qc1 Qf5+ 39.Ka1 
Re4 40.Nc3 Ra8 41.Ka2 Rexa4+ 42.Nxa4 Rxa4+ 43.Kb3 Rb4+ 44.Ka2 c4 45.b3 
Qa5+ 46.Qa3 cxb3+ 47.Kb2 Qe5+ 0-1

[Event "19th EUR-ch"]
[Site "Batumi GEO"]
[Date "2018.03.19"]
[Round "3.17"]
[White "Navara, David"]
[Black "Danielyan, Vahe"]
[Result "1-0"]
[WhiteElo "2737"]
[BlackElo "2331"]
[EventDate "2018.03.17"]
[PlyCount "75"]

1.e4 e5 2.Nf3 Nc6 3.Bb5 a6 4.Ba4 Nf6 5.O-O Be7 6.Re1 b5 7.Bb3 d6 8.c3 O-O 
9.h3 Bb7 10.d4 Re8 11.Nbd2 exd4 12.cxd4 Nd7 13.Nf1 Na5 14.Bc2 c5 15.d5 Bf6
16.Rb1 Nc4 17.b3 Nce5 18.N3h2 Bc8 19.Ng3 b4 20.Nh5 Ng6 21.Nxf6+ Nxf6 22.f4
a5 23.g4 Ra7 24.g5 Nd7 25.h4 Nb6 26.h5 Nf8 27.Bb2 Rae7 28.h6 Ng6 29.Qd2 
Nxd5 30.exd5 Rxe1+ 31.Rxe1 Rxe1+ 32.Qxe1 Nxf4 33.Qh4 Nh3+ 34.Kg2 g6 35.Nf3
Bd7 36.Kg3 Kf8 37.Bd3 a4 38.Bf1 1-0

[Event "19th EUR-ch"]
[Site "Batumi GEO"]
[Date "2018.03.19"]
[Round "3.18"]
[White "Brkic, Ante"]
[Black "Yakovenko, Dmitry"]
[Result "1/2-1/2"]
[WhiteElo "2590"]
[BlackElo "2746"]
[EventDate "2018.03.17"]
[PlyCount "62"]

1.e4 c5 2.Nf3 d6 3.d4 cxd4 4.Nxd4 Nf6 5.Nc3 a6 6.Be3 e5 7.Nb3 Be6 8.f3 
Nbd7 9.Qd2 b5 10.O-O-O h5 11.Nd5 Rc8 12.Qa5 Nxd5 13.exd5 Bf5 14.Bd3 Qxa5 
15.Nxa5 g6 16.Kb1 Bh6 17.Bf2 Nf6 18.Rhe1 Bxd3 19.Rxd3 Kd7 20.a4 Rhe8 21.
Nc6 e4 22.fxe4 Nxe4 23.axb5 axb5 24.Ra3 f5 25.Ka2 Bd2 26.Rd1 Ra8 27.Bd4 f4
28.Rxa8 Rxa8+ 29.Kb3 Be3 30.Kb4 Nf2 31.Rf1 Bxd4 1/2-1/2

[Event "19th EUR-ch"]
[Site "Batumi GEO"]
[Date "2018.03.19"]
[Round "3.19"]
[White "Mamedov, Rauf"]
[Black "Lopez Martinez, Josep Manuel"]
[Result "0-1"]
[WhiteElo "2709"]
[BlackElo "2584"]
[EventDate "2018.03.17"]
[PlyCount "92"]

1.e4 e5 2.Nf3 Nc6 3.Bc4 Bc5 4.c3 Nf6 5.d4 exd4 6.e5 d5 7.Bb5 Ne4 8.cxd4 
Bb4+ 9.Bd2 Nxd2 10.Nbxd2 O-O 11.O-O Ne7 12.a3 Ba5 13.b4 Bb6 14.Nb3 Bg4 15.
h3 Bh5 16.Re1 a5 17.Rb1 axb4 18.axb4 Nc6 19.Bxc6 bxc6 20.Re3 Qe7 21.Qd2 
Ra4 22.Nc1 Rfa8 23.Ne2 Ra1 24.Rxa1 Rxa1+ 25.Kh2 Bxf3 26.Rxf3 g6 27.Ng3 Qh4
28.Rf4 Rd1 29.Qe3 Qe7 30.Qc3 Qg5 31.Rg4 Qc1 32.Qf3 Rxd4 33.Ne2 Qb2 34.Nxd4
Bxd4 35.e6 fxe6 36.Kg1 Qc1+ 37.Kh2 Qb2 38.Kg1 Qxb4 39.Qe2 e5 40.Kh2 Qb2 
41.Qa6 Qxf2 42.Qc8+ Kg7 43.Qxc7+ Kh6 44.h4 Qg1+ 45.Kh3 Qh1+ 46.Kg3 Qe1+ 
0-1

[Event "19th EUR-ch"]
[Site "Batumi GEO"]
[Date "2018.03.19"]
[Round "3.20"]
[White "Gajewski, Grzegorz"]
[Black "Matlakov, Maxim"]
[Result "1-0"]
[WhiteElo "2588"]
[BlackElo "2707"]
[EventDate "2018.03.17"]
[PlyCount "103"]

1.d4 d5 2.c4 c6 3.cxd5 cxd5 4.Nc3 Nf6 5.Nf3 Nc6 6.Bf4 Bf5 7.e3 e6 8.Qb3 
Bb4 9.Ne5 Bxc3+ 10.bxc3 Nxe5 11.Bxe5 O-O 12.Rc1 Rc8 13.Qxb7 Ne4 14.f3 Qh4+
15.g3 Qh6 16.Bf4 g5 17.Bc7 g4 18.Bf4 Ng5 19.fxg4 Be4 20.h4 Bxh1 21.Be2 f6 
22.hxg5 fxg5 23.Bd6 Rcd8 24.Bxf8 Rxf8 25.Kd2 Bf3 26.Rf1 Qh2 27.Rxf3 Rxf3 
28.Qe7 Rf2 29.Qxe6+ Kg7 30.Qd7+ Kg6 31.Qc6+ Kg7 32.Qb7+ Kh6 33.Qa6+ Kg7 
34.Qxa7+ Kh6 35.Qa6+ Kg7 36.a4 Qxg3 37.Qb7+ Kh6 38.Qc6+ Kg7 39.Qd7+ Kh6 
40.a5 Qg2 41.Qb5 Qxg4 42.a6 Qe6 43.a7 Rf8 44.Qb8 Qg8 45.Qd6+ Kg7 46.Qd7+ 
Kh8 47.Bb5 Rf2+ 48.Ke1 Ra2 49.Qe7 Qg6 50.Qe5+ Qg7 51.Qb8+ Qg8 52.Bc6 1-0

[Event "19th EUR-ch"]
[Site "Batumi GEO"]
[Date "2018.03.19"]
[Round "3.22"]
[White "Svane, Rasmus"]
[Black "Nabaty, Tamir"]
[Result "0-1"]
[WhiteElo "2587"]
[BlackElo "2690"]
[EventDate "2018.03.17"]
[PlyCount "70"]

1.c4 c5 2.Nf3 Nc6 3.Nc3 g6 4.e3 Nf6 5.d4 cxd4 6.exd4 d5 7.cxd5 Nxd5 8.Qb3 
e6 9.Bb5 Bg7 10.O-O O-O 11.Bxc6 bxc6 12.Na4 Qd6 13.Re1 Rb8 14.Qd1 f6 15.b3
e5 16.Bb2 Re8 17.dxe5 fxe5 18.Rc1 Bf5 19.Nh4 Bc8 20.Nc5 Rb4 21.Ne4 Qd8 22.
Nf3 Bf5 23.Ng3 Bg4 24.Rxc6 Bxf3 25.gxf3 Rb7 26.Qc2 Kh8 27.Qc4 Rd7 28.Rc5 
Nf4 29.Rcxe5 Rf8 30.Qe4 Rd1 31.Bc3 Rxe1+ 32.Bxe1 Bxe5 33.Qxe5+ Kg8 34.Bc3 
Qd1+ 35.Nf1 Nh3+ 0-1

[Event "19th EUR-ch"]
[Site "Batumi GEO"]
[Date "2018.03.19"]
[Round "3.23"]
[White "Pashikian, Arman"]
[Black "Jobava, Baadur"]
[Result "1/2-1/2"]
[WhiteElo "2585"]
[BlackElo "2685"]
[EventDate "2018.03.17"]
[PlyCount "103"]

1.d4 Nf6 2.Nf3 g6 3.c4 Bg7 4.Nc3 d5 5.cxd5 Nxd5 6.e4 Nxc3 7.bxc3 O-O 8.Be3
c5 9.Qd2 Nd7 10.h3 Qa5 11.Rc1 b5 12.Bd3 Bb7 13.O-O Rfc8 14.Bh6 Bh8 15.Qf4 
a6 16.Ng5 Bf6 17.e5 Bxg5 18.Qxg5 cxd4 19.Qxe7 Qd8 20.Qxd8+ Rxd8 21.Bg5 
Nxe5 22.Bxd8 Nxd3 23.Rcd1 Nf4 24.Bg5 Bxg2 25.Bxf4 Bxf1 26.Kxf1 dxc3 27.Ke2
b4 28.Bc7 Kg7 29.Rd8 Rxd8 30.Bxd8 Kh6 31.Ba5 c2 32.Kd2 Kg5 33.Bd8+ Kf4 34.
Kxc2 Kf3 35.Bb6 g5 36.Kb3 f5 37.Kxb4 f4 38.Ka5 h5 39.Bd8 Kxf2 40.Bxg5 f3 
41.Kxa6 Kg2 42.Be3 h4 43.a4 Kxh3 44.a5 Kg4 45.Kb6 h3 46.a6 f2 47.a7 f1=Q 
48.a8=Q Qf6+ 49.Kb5 Qe5+ 50.Bc5 Qe2+ 51.Kb6 h2 52.Qg8+ 1/2-1/2

[Event "19th EUR-ch"]
[Site "Batumi GEO"]
[Date "2018.03.19"]
[Round "3.24"]
[White "Demchenko, Anton"]
[Black "Stocek, Jiri"]
[Result "1-0"]
[WhiteElo "2672"]
[BlackElo "2567"]
[EventDate "2018.03.17"]
[PlyCount "121"]

1.e4 e6 2.d4 d5 3.Nd2 c5 4.Ngf3 Nc6 5.exd5 exd5 6.Bb5 Qe7+ 7.Be2 Qc7 8.O-O
Nf6 9.dxc5 Bxc5 10.Nb3 Be7 11.Bg5 O-O 12.c3 Be6 13.Re1 Rae8 14.Bd3 h6 15.
Bh4 Ng4 16.Bxe7 Rxe7 17.h3 Nf6 18.Nbd4 Rfe8 19.Qd2 Bd7 20.Rxe7 Rxe7 21.Re1
Ne4 22.Qc1 Qd6 23.Ne2 Ne5 24.Nxe5 Rxe5 25.Nd4 Nc5 26.Bc2 Qf6 27.Nf3 Re6 
28.Qd2 Bc6 29.Re3 a6 30.h4 Qe7 31.Rxe6 Nxe6 32.Qe3 Qd6 33.Bf5 Nc5 34.Nd4 
Kf8 35.g3 h5 36.Bc2 g6 37.Qh6+ Ke7 38.Qg5+ Ke8 39.Kf1 Nd7 40.Bd3 Ne5 41.
Be2 Bd7 42.Qe3 Kd8 43.Qf4 Kc7 44.Kg1 Bg4 45.f3 Bd7 46.Kf2 Kc8 47.Ke1 Qe7 
48.Kd1 f6 49.Qh6 Qf7 50.Kc2 Nc6 51.Nxc6 Bxc6 52.Bd3 Be8 53.Qe3 Bc6 54.a3 
d4 55.cxd4 f5 56.f4 Kb8 57.Qe5+ Ka8 58.Kc3 Bd5 59.Qd6 Ba2 60.Bc2 Qe8 61.b3
1-0

[Event "19th EUR-ch"]
[Site "Batumi GEO"]
[Date "2018.03.19"]
[Round "3.25"]
[White "Motylev, Alexander"]
[Black "Fedorov, Alexei"]
[Result "0-1"]
[WhiteElo "2669"]
[BlackElo "2559"]
[EventDate "2018.03.17"]
[PlyCount "140"]

1.e4 c5 2.Nf3 Nc6 3.Bb5 e6 4.Bxc6 bxc6 5.d3 Ne7 6.h4 h5 7.e5 d6 8.exd6 Nf5
9.Nbd2 Bxd6 10.b3 Be7 11.Bb2 f6 12.Qe2 e5 13.Qe4 Qd5 14.O-O-O O-O 15.Rde1 
Be6 16.Rhg1 Rfb8 17.Qe2 Bf8 18.Ne4 Qd8 19.Nxe5 fxe5 20.Ng5 Bd7 21.Qxh5 Nh6
22.Qg6 Bf5 23.Qxc6 Qd7 24.Qxd7 Bxd7 25.Nf3 Ng4 26.Nxe5 Nxe5 27.Bxe5 Rb4 
28.f4 Bg4 29.Re3 Re8 30.Rge1 Rb6 31.Rg3 Rg6 32.Kd2 Kf7 33.Re4 Be7 34.h5 
Bxh5 35.Rxg6 Kxg6 36.Ra4 Bf6 37.Ra6 Kf5 38.Rxa7 Bxe5 39.fxe5 g5 40.Rh7 Kg6
41.Rc7 Rxe5 42.Kc3 Bd1 43.Kd2 Bg4 44.Kc3 Re2 45.g3 Rg2 46.Rxc5 Bd1 47.Kb2 
Rxg3 48.Kc1 Rg1 49.Kd2 g4 50.Ke3 Rf1 51.Rc8 Kg5 52.Rg8+ Kh4 53.Rh8+ Kg3 
54.c4 Bf3 55.d4 Re1+ 56.Kd3 Kf2 57.d5 g3 58.Kd4 g2 59.Rh2 Kg3 60.Rxg2+ 
Bxg2 61.a4 Rb1 62.a5 Rxb3 63.Kc5 Ra3 64.Kb6 Kf4 65.d6 Rb3+ 66.Kc7 Rb7+ 67.
Kc8 Rh7 68.a6 Ke5 69.c5 Ke6 70.Kb8 Ke5 0-1

[Event "19th EUR-ch"]
[Site "Batumi GEO"]
[Date "2018.03.19"]
[Round "3.26"]
[White "Vavulin, Maksim"]
[Black "Korobov, Anton"]
[Result "1/2-1/2"]
[WhiteElo "2583"]
[BlackElo "2664"]
[EventDate "2018.03.17"]
[PlyCount "38"]

1.Nf3 d5 2.e3 Nf6 3.c4 c6 4.Nc3 e6 5.b3 Nbd7 6.Bb2 Bd6 7.Be2 O-O 8.d4 b6 
9.Qc2 Bb7 10.O-O Qe7 11.Rad1 Rad8 12.e4 Nxe4 13.Nxe4 dxe4 14.Qxe4 f5 15.
Qh4 Qxh4 16.Nxh4 Nf6 17.Nf3 c5 18.Ng5 Rde8 19.Bf3 Bxf3 1/2-1/2

[Event "19th EUR-ch"]
[Site "Batumi GEO"]
[Date "2018.03.19"]
[Round "3.27"]
[White "Moroni, Luca jr"]
[Black "Lenic, Luka"]
[Result "1/2-1/2"]
[WhiteElo "2559"]
[BlackElo "2662"]
[EventDate "2018.03.17"]
[PlyCount "34"]

1.d4 Nf6 2.c4 e6 3.g3 d5 4.Bg2 Bb4+ 5.Bd2 Be7 6.Nf3 O-O 7.O-O Nbd7 8.Qc2 
c6 9.Rd1 b6 10.Bf4 Ba6 11.cxd5 cxd5 12.Nc3 Nh5 13.Bd2 Nhf6 14.Rac1 Bb7 15.
Bf4 Nh5 16.Bd2 Nhf6 17.Bf4 Nh5 1/2-1/2

[Event "19th EUR-ch"]
[Site "Batumi GEO"]
[Date "2018.03.19"]
[Round "3.29"]
[White "Piorun, Kacper"]
[Black "Huschenbeth, Niclas"]
[Result "1-0"]
[WhiteElo "2653"]
[BlackElo "2549"]
[EventDate "2018.03.17"]
[PlyCount "101"]

1.e4 c5 2.Nf3 d6 3.Bb5+ Nd7 4.O-O a6 5.Bd3 Ngf6 6.c3 b5 7.Bc2 Bb7 8.Qe2 g6
9.d4 Bg7 10.Nbd2 O-O 11.Re1 Qc7 12.Nf1 e5 13.d5 c4 14.Ng3 a5 15.Bg5 h6 16.
Be3 Nc5 17.h3 Ba6 18.Qd2 Kh7 19.Rf1 Rab8 20.Nh2 b4 21.Ng4 Nxg4 22.hxg4 Nd3
23.Bxd3 cxd3 24.cxb4 Rxb4 25.Rfc1 Rc4 26.Rxc4 Qxc4 27.Qxa5 Rc8 28.Nf1 Bf6 
29.Nd2 Qb5 30.Qxb5 Bxb5 31.a4 Ra8 32.b3 Bd8 33.Rc1 Bd7 34.f3 Rb8 35.Rc3 
Ba5 36.Rxd3 Bc8 37.Nc4 Ba6 38.Kh2 Kg7 39.Bd2 Bb4 40.Bxb4 Rxb4 41.a5 Bxc4 
42.bxc4 Rxc4 43.Ra3 Rc7 44.a6 Ra7 45.Kg3 Kf6 46.Kf2 Ke7 47.Ke3 Kd7 48.Kd3 
Kc8 49.Rc3+ Rc7 50.Rc6 Kd7 51.Kc4 1-0

[Event "19th EUR-ch"]
[Site "Batumi GEO"]
[Date "2018.03.19"]
[Round "3.30"]
[White "Sanal, Vahap"]
[Black "Kovalev, Vladislav"]
[Result "1/2-1/2"]
[WhiteElo "2543"]
[BlackElo "2650"]
[EventDate "2018.03.17"]
[PlyCount "75"]

1.e4 e5 2.Nf3 Nc6 3.Bb5 a6 4.Ba4 Nf6 5.O-O Be7 6.d3 b5 7.Bb3 O-O 8.Nc3 d6 
9.a3 Nb8 10.Be3 Bb7 11.a4 b4 12.Ne2 Nbd7 13.Ng3 d5 14.exd5 Nxd5 15.Bd2 Re8
16.Re1 Bf8 17.a5 h6 18.Ba4 c6 19.Bb3 Rc8 20.Bc4 c5 21.c3 Qc7 22.Ne4 N7f6 
23.Nh4 Qc6 24.Qf3 Rc7 25.Nf5 Nxe4 26.dxe4 Nf6 27.Ng3 Rd8 28.Bc1 Bc8 29.h3 
Be6 30.Qe2 bxc3 31.bxc3 Bxc4 32.Qxc4 Qb5 33.Qxb5 axb5 34.Be3 Ra8 35.Reb1 
b4 36.cxb4 cxb4 37.a6 Nd7 38.Ra5 1/2-1/2

[Event "19th EUR-ch"]
[Site "Batumi GEO"]
[Date "2018.03.19"]
[Round "3.31"]
[White "Boruchovsky, Avital"]
[Black "Anton Guijarro, David"]
[Result "1/2-1/2"]
[WhiteElo "2542"]
[BlackElo "2647"]
[EventDate "2018.03.17"]
[PlyCount "109"]

1.Nf3 d5 2.d4 Nf6 3.c4 e6 4.Nc3 c6 5.e3 Nbd7 6.Bd3 dxc4 7.Bxc4 b5 8.Bd3 
Bb7 9.O-O a6 10.e4 c5 11.e5 cxd4 12.Nxb5 Bxf3 13.Qxf3 Nd5 14.Nxd4 Nxe5 15.
Qe2 Nxd3 16.Qxd3 Bc5 17.Qc4 Rc8 18.Qxa6 O-O 19.Nc2 Qh4 20.Qe2 Rfd8 21.a4 
Nf6 22.Ne3 h5 23.a5 Bd6 24.g3 Qe4 25.b3 Be5 26.Bb2 Bxb2 27.Qxb2 Qf3 28.Qe5
Qa8 29.Ra4 Rd3 30.a6 Rxb3 31.a7 Rb7 32.Rfa1 Rbc7 33.Nc4 Nd5 34.h3 Rxc4 35.
Rxc4 Rxc4 36.Qb8+ Rc8 37.Qxc8+ Qxc8 38.a8=Q Qxa8 39.Rxa8+ Kh7 40.Ra7 Kg6 
41.Kg2 Kf6 42.Kf3 Ne7 43.Ke4 Nf5 44.Kd3 g5 45.Ra4 h4 46.g4 Ne7 47.Ke4 Ng6 
48.Ra3 Ke7 49.Rf3 Nf8 50.Ke5 Ng6+ 51.Kd4 Nf8 52.Rb3 Ng6 53.Ra3 Nf4 54.Rf3 
Ng6 55.Ra3 1/2-1/2

[Event "19th EUR-ch"]
[Site "Batumi GEO"]
[Date "2018.03.19"]
[Round "3.32"]
[White "Guseinov, Gadir"]
[Black "Beliavsky, Alexander"]
[Result "1/2-1/2"]
[WhiteElo "2646"]
[BlackElo "2537"]
[EventDate "2018.03.17"]
[PlyCount "132"]

1.e4 e5 2.Nf3 Nc6 3.Bb5 a6 4.Ba4 Nf6 5.O-O Be7 6.Re1 b5 7.Bb3 O-O 8.d4 d6 
9.c3 Bg4 10.Be3 exd4 11.cxd4 Na5 12.Bc2 Nc4 13.Bc1 c5 14.b3 Nb6 15.Nbd2 
cxd4 16.Bb2 d3 17.Bxd3 Nh5 18.h3 Nf4 19.Nf1 Bd7 20.Bc2 Bf6 21.e5 dxe5 22.
Nxe5 Rc8 23.Rc1 Be6 24.Qf3 Bg5 25.Ne3 Ng6 26.Red1 Qf6 27.Qxf6 Bxf6 28.Nxg6
hxg6 29.Bxf6 gxf6 30.Rd6 Nd7 31.g4 Nb8 32.f4 Kg7 33.Rcd1 Rfe8 34.Kf2 Bd7 
35.Bb1 Rc3 36.R6d3 Rxd3 37.Rxd3 Bc6 38.Rd6 Rh8 39.Nd5 Rxh3 40.Be4 Rh2+ 41.
Ke3 f5 42.gxf5 gxf5 43.Bxf5 Bxd5 44.Rxd5 Rxa2 45.Rd6 Rh2 46.Rb6 Rh8 47.b4 
Rd8 48.Ke4 Kf8 49.Ke5 Ke7 50.Bg4 Nd7+ 51.Bxd7 Rxd7 52.Rxa6 Rd1 53.Rb6 Re1+
54.Kf5 Rh1 55.Rb7+ Kd6 56.Kg5 Kc6 57.Rxf7 Rb1 58.f5 Rxb4 59.f6 Rb1 60.Ra7 
Rf1 61.f7 Kd5 62.Kg6 b4 63.Ra5+ Ke6 64.Ra6+ Ke7 65.Ra7+ Ke6 66.Kg7 Kd5 
1/2-1/2

[Event "19th EUR-ch"]
[Site "Batumi GEO"]
[Date "2018.03.19"]
[Round "3.33"]
[White "Kovalenko, Igor"]
[Black "Arutinian, David"]
[Result "0-1"]
[WhiteElo "2642"]
[BlackElo "2536"]
[EventDate "2018.03.17"]
[PlyCount "123"]

1.Nf3 Nf6 2.c4 e6 3.Nc3 d5 4.d4 a6 5.cxd5 exd5 6.Bg5 Be6 7.e3 Nbd7 8.Bd3 
Bd6 9.Qc2 h6 10.Bh4 c6 11.Bg3 Qb8 12.b4 O-O 13.Rb1 Re8 14.a4 Nh5 15.Bxd6 
Qxd6 16.h3 Nhf6 17.Nd2 b6 18.O-O c5 19.bxc5 bxc5 20.dxc5 Nxc5 21.Nf3 Rac8 
22.Rfc1 Bd7 23.Qd1 Nxd3 24.Qxd3 Rc5 25.Rc2 Rec8 26.Rbc1 Qb6 27.Nd4 Kh8 28.
g4 Qb4 29.Kg2 a5 30.Qd2 Rc4 31.f3 Bxa4 32.Rb2 Qe7 33.Nce2 Rxc1 34.Nxc1 Bd7
35.Nce2 a4 36.Ng3 Re8 37.Kf2 Qd6 38.Qd3 Qc5 39.Nge2 Qc7 40.Ng3 Qc1 41.Rc2 
Qb1 42.Qa3 Qb8 43.Kg2 Qe5 44.Rc3 Kg8 45.Qc1 g6 46.Nh1 Qd6 47.Nf2 Ra8 48.
Rc2 Qe7 49.Qe1 h5 50.Qc1 hxg4 51.hxg4 Ne8 52.Nd3 Qg5 53.Nf2 Nd6 54.Rc7 Nc4
55.Nc2 Be6 56.Rc5 Qe7 57.Rb5 a3 58.e4 a2 59.Qa1 Qd7 60.Rb4 Qc7 61.g5 Qf4 
62.Rb5 0-1

[Event "19th EUR-ch"]
[Site "Batumi GEO"]
[Date "2018.03.19"]
[Round "3.34"]
[White "Safarli, Eltaj"]
[Black "Godena, Michele"]
[Result "1/2-1/2"]
[WhiteElo "2639"]
[BlackElo "2505"]
[EventDate "2018.03.17"]
[PlyCount "85"]

1.c4 e5 2.g3 Nf6 3.Bg2 Bc5 4.Nc3 d6 5.e3 O-O 6.Nge2 Re8 7.d3 c6 8.O-O a6 
9.d4 Ba7 10.h3 Nbd7 11.b4 exd4 12.exd4 Nb6 13.c5 Nbd5 14.Bg5 h6 15.Bxf6 
Nxf6 16.Qc2 Be6 17.Nf4 dxc5 18.dxc5 Bb8 19.Nxe6 Rxe6 20.Ne2 Be5 21.Rad1 
Qf8 22.Nc1 Bc7 23.Nb3 Rd8 24.Bf3 Rxd1 25.Rxd1 Qe8 26.Kg2 g6 27.a4 h5 28.h4
Re1 29.Qd2 Rxd1 30.Qxd1 Qe6 31.b5 axb5 32.axb5 Nd7 33.Nd4 Qc4 34.b6 Bxg3 
35.fxg3 Nxc5 36.Ne2 Nd3 37.Qa1 Qb5 38.Qd4 Ne1+ 39.Kf2 Nc2 40.Qd8+ Kg7 41.
Kg2 Ne1+ 42.Kf2 Nc2 43.Kg2 1/2-1/2

[Event "19th EUR-ch"]
[Site "Batumi GEO"]
[Date "2018.03.19"]
[Round "3.35"]
[White "Stupak, Kirill"]
[Black "Volokytin, Andriy"]
[Result "0-1"]
[WhiteElo "2541"]
[BlackElo "2639"]
[EventDate "2018.03.17"]
[PlyCount "72"]

1.d4 Nf6 2.c4 e6 3.g3 Bb4+ 4.Nc3 O-O 5.Bg2 d5 6.a3 Bxc3+ 7.bxc3 dxc4 8.Qa4
Bd7 9.Qxc4 Bc6 10.f3 Qd7 11.e4 Bb5 12.Qa2 c5 13.a4 Ba6 14.Ba3 b6 15.dxc5 
Rc8 16.Ne2 Qxa4 17.cxb6 axb6 18.Bb4 Qxa2 19.Rxa2 Nc6 20.Kf2 Nxb4 21.cxb4 
Bxe2 22.Rxe2 Ra3 23.Rd2 Kf8 24.Rb1 g5 25.Rbb2 Ke7 26.Rbc2 Rcc3 27.b5 Rcb3 
28.Rb2 Rxb2 29.Rxb2 Nd7 30.Bf1 Ne5 31.f4 gxf4 32.gxf4 Rf3+ 33.Ke2 Rxf4 34.
Bg2 Rg4 35.Kf1 Nc4 36.Re2 Rg5 0-1

[Event "19th EUR-ch"]
[Site "Batumi GEO"]
[Date "2018.03.19"]
[Round "3.36"]
[White "Triapishko, Alexandr"]
[Black "Movsesian, Sergei"]
[Result "1/2-1/2"]
[WhiteElo "2530"]
[BlackElo "2632"]
[EventDate "2018.03.17"]
[PlyCount "93"]

1.e4 e5 2.Nf3 Nc6 3.g3 Nf6 4.d3 d5 5.exd5 Nxd5 6.Bg2 g6 7.O-O Bg7 8.Nc3 
Nde7 9.Rb1 O-O 10.b4 a6 11.Re1 Re8 12.a4 Nf5 13.Bd2 h6 14.Ne4 Rb8 15.h4 
Ncd4 16.Nh2 Nd6 17.c3 Ne6 18.Ng4 h5 19.Nh6+ Kf8 20.Qf3 f6 21.Nxd6 cxd6 22.
Qe4 f5 23.Nxf5 gxf5 24.Qxf5+ Kg8 25.Bd5 Qf6 26.Qxh5 Bd7 27.b5 axb5 28.axb5
Rf8 29.Be3 Be8 30.Qe2 Bf7 31.c4 b6 32.Be4 Bh6 33.Rf1 Kh8 34.Kh2 Rg8 35.Qf3
Bf4 36.gxf4 exf4 37.Bc1 Qxh4+ 38.Qh3 Qxh3+ 39.Kxh3 Ng5+ 40.Kh4 Nxe4 41.
dxe4 Rbc8 42.Bb2+ Kh7 43.Rg1 Bxc4 44.Rg5 Rc5 45.Rxg8 Kxg8 46.Ba3 Rxb5 47.
Rxb5 1/2-1/2

[Event "19th EUR-ch"]
[Site "Batumi GEO"]
[Date "2018.03.19"]
[Round "3.37"]
[White "Repka, Christopher"]
[Black "Alexandrov, Alexei"]
[Result "1-0"]
[WhiteElo "2524"]
[BlackElo "2630"]
[EventDate "2018.03.17"]
[PlyCount "61"]

1.g3 d5 2.Nf3 Nf6 3.Bg2 c6 4.O-O Bg4 5.h3 Bxf3 6.Bxf3 e5 7.d3 Nbd7 8.e4 
dxe4 9.dxe4 Bc5 10.Nd2 O-O 11.Qe2 a5 12.a4 Qc7 13.Nc4 Rfe8 14.Rd1 Nf8 15.
Be3 Ne6 16.Bxc5 Nxc5 17.Qe3 b6 18.b4 Ncd7 19.bxa5 bxa5 20.h4 h5 21.Rd2 
Reb8 22.Rad1 Rb4 23.Nd6 g6 24.c3 Rxa4 25.Qh6 Nf8 26.Nf5 gxf5 27.Qxf6 fxe4 
28.Bxh5 Ra7 29.Rd8 Qe7 30.Rxf8+ Qxf8 31.Rd8 1-0

[Event "19th EUR-ch"]
[Site "Batumi GEO"]
[Date "2018.03.19"]
[Round "3.38"]
[White "Solak, Dragan"]
[Black "Djukic, Nikola"]
[Result "0-1"]
[WhiteElo "2629"]
[BlackElo "2523"]
[EventDate "2018.03.17"]
[PlyCount "64"]

1.c4 c5 2.Nc3 Nc6 3.g3 g6 4.Bg2 Bg7 5.e4 e6 6.d3 d6 7.Nge2 Nge7 8.Rb1 b6 
9.Be3 Nd4 10.b4 Bb7 11.O-O O-O 12.Qd2 Nec6 13.a3 Qd7 14.f4 f5 15.Bf2 Rae8 
16.bxc5 dxc5 17.e5 Nxe5 18.Nxd4 cxd4 19.fxe5 dxc3 20.Qxc3 Bxg2 21.Kxg2 f4 
22.d4 Rc8 23.Kg1 Qc6 24.Rbc1 fxg3 25.Qxg3 b5 26.cxb5 Qxc1 27.Rxc1 Rxc1+ 
28.Be1 Bh6 29.Kg2 Rc2+ 30.Kg1 Re2 31.Qh4 Be3+ 32.Kh1 Rf1# 0-1

[Event "19th EUR-ch"]
[Site "Batumi GEO"]
[Date "2018.03.19"]
[Round "3.39"]
[White "Kriebel, Tadeas"]
[Black "Erdos, Viktor"]
[Result "0-1"]
[WhiteElo "2520"]
[BlackElo "2627"]
[EventDate "2018.03.17"]
[PlyCount "82"]

1.e4 e5 2.Nf3 Nc6 3.d4 exd4 4.Nxd4 Nf6 5.Nc3 Bb4 6.Nxc6 bxc6 7.Bd3 d5 8.
exd5 cxd5 9.O-O O-O 10.h3 c5 11.Bg5 Be6 12.a3 Ba5 13.b4 cxb4 14.Nb5 h6 15.
Bf4 bxa3 16.Rxa3 Bb6 17.Qa1 Nh5 18.Bd2 Qb8 19.Ra4 a6 20.Nd4 Bd7 21.Rb4 a5 
22.Rb3 Qd6 23.Be2 Bc7 24.g3 Nf6 25.Rfb1 Ne4 26.Bf4 Qc5 27.Rb5 Bxb5 28.Rxb5
Qc3 29.Qxc3 Nxc3 30.Bxc7 a4 31.Rc5 Nxe2+ 32.Nxe2 a3 33.Nc1 Rfc8 34.Na2 
Rab8 35.Bxb8 Rxc5 36.Nb4 d4 37.Ba7 Rc4 38.c3 Rxc3 39.Na2 Rc2 40.Nb4 Rb2 
41.Bc5 Rxb4 0-1